000 00388nam a2200157Ia 4500
008 230917s9999||||xx |||||||||||||| ||und||
040 _e60074
_aMAIN
041 _aEnglish
082 _a658.8 C914F
100 _aCundiff, Edward W
245 0 _aFundamentals of modern marketing
250 _a4th ed.
260 _aNew Delhi
_bPrentice- Hall
_c1985
300 _ax, 482 p.
942 _cBK
999 _c59071
_d59071